Biblioteca

El maletín de Santiago / Gustavo de Elorza Martínez, Editor (Registro nro. 48132)

Detalles MARC
000 -LÍDER
Campo fijo de descripción fija 005930000a22001930004500
001 - NÚMERO DE CONTROL
Campo de control 953
003 - IDENTIFICADOR DEL NÚMERO DE CONTROL
Campo de control CO-MdFUSB
005 - FECHA Y HORA DE LA ULTIMA TRANSACCIÓN
control field 20240729151715.0
008 - ELEMENTOS DE LONGITUD FIJA -- INFORMACIÓN GENERAL
Campo fijo de descripción fija -- Información general 180503b xxu||||| |||| 00| 0 eng d
020 ## - NÚMERO INTERNACIONAL NORMALIZADO PARA LIBROS
Número Internacional Normalizado del libro 958-677-338-8
040 ## - FUENTE DE CATALOGACIÓN
Agencia que realiza la transcripción CO-MdBIC
082 04 - NÚMERO DE CLASIFICACIÓN DECIMAL DEWEY
Número de clasificación 405 Z14m
100 1# - ASIENTO PRINCIPAL--NOMBRE PERSONAL
Nombre personal Elorza M, Gustavo de
245 10 - TÍTULO
Título del Material El maletín de Santiago / Gustavo de Elorza Martínez, Editor
260 ## - PUBLICACIÓN, DISTRIBUCIÓN, ETC. (PIE DE IMPRENTA)
Lugar de publicación, distribución, etc. Bogotá : Zamora
300 ## - DESCRIPCIÓN FÍSICA
Extensión 71 P.
505 00 - NOTA DE CONTENIDO
Nota de contenido con formato preestablecido Tomo 1 : Silabario Tomo 2 : Lectura inicial Tomo 3 : Ejercicios Tomo 4 : Lectura comprensiva Tomo 5 : Manual para padres (cartilla)
942 ## - TIPO DE MATERIAL (KOHA)
Tipo de Item KOHA Z- Libro General BINCO
Existencias
Estado de Material Estado de Perdido Forma de Clasificación Volumen-Parte/Tomo Estado de Dañado No para Préstamo Colección Tomo Biblioteca de Origen Biblioteca Permanente Fecha de Adquisición Total de Préstamos Signatura Topográfica Código de Barras Última vez visto Última vez Préstado Ejemplar/Existencia Fecha de Remplazo Tipo de Material Total de Renovaciones
    Dewey Decimal Classification       Colección de Referencia 1 Biblioteca Infantil Comunitaria BINCO Biblioteca Infantil Comunitaria BINCO 08/05/2006 4 405 Z14m1 B31132 03/09/2018 17/08/2018 1 26/01/2016 Z- Libros de Referencia BINCO  
    Dewey Decimal Classification       Colección de Referencia 5 Biblioteca Infantil Comunitaria BINCO Biblioteca Infantil Comunitaria BINCO 20/05/2006   405 Z14m5 B31136 24/11/2016   1 26/01/2016 Z- Libros de Referencia BINCO  
    Dewey Decimal Classification       Colección de Referencia 4 Biblioteca Infantil Comunitaria BINCO Biblioteca Infantil Comunitaria BINCO 20/05/2006   405 Z14m4 B31135 24/11/2016   1 26/01/2016 Z- Libros de Referencia BINCO  
    Dewey Decimal Classification       Colección de Referencia 3 Biblioteca Infantil Comunitaria BINCO Biblioteca Infantil Comunitaria BINCO 20/05/2006 2 405 Z14m3 B31134 24/09/2018 07/09/2018 1 26/01/2016 Z- Libros de Referencia BINCO  
    Dewey Decimal Classification       Colección de Referencia 2 Biblioteca Infantil Comunitaria BINCO Biblioteca Infantil Comunitaria BINCO 08/05/2006 8 405 Z14m2 B31133 26/11/2018 13/11/2018 1 26/01/2016 Z- Libros de Referencia BINCO 7

Biblioteca FUSBC | Teléfono: (57+4) 349 88 10 Ext. 141| WhatsApp (+57) 3005338115 
E-mail: biblioteca@unisbc.edu.co | Calle 76 87-14 Robledo Palenque, Medellín, Colombia

Con tecnología Koha